000 00887cab a2200301 4500
001 WB3141-61
008 090401t1995 xxu||||| |||| 00| 0 eng d
035 _a(Sirsi) u15271
041 _aeng
245 _aLondon transport maps a 25-year trip
260 _c1995
350 _a0
490 _aFinancial Times
_v3 November 1995, 9(1)
520 _aExamines the report "Planning London`s Transport", which argues for long term goals and investment. Map of inner London rail proposals.
650 _aBAKERLOO LINE
650 _aEAST LONDON LINE
650 _aLONDON TRANSPORT
650 _aLONDON UNDERGROUND
650 _aNORTH LONDON LINE
650 _aPUBLIC TRANSPORT
650 _aRAILWAYS
650 _aTRANSPORT POLICY
650 _aVICTORIA LINE
650 _aWEST LONDON LINE
690 _aTRANSPORT AND COMMUNICATIONS
942 _n0
948 _c04/03/1997
999 _c9994
_d9994